| 000 | 00388nam a2200157Ia 4500 | ||
|---|---|---|---|
| 008 | 180921t xxu||||| |||| 00| 0 eng d | ||
| 041 | _aeng | ||
| 080 |
_a651.56 _bGUI |
||
| 100 | _aWimalarathne, K.D.G. | ||
| 245 | _aGuide to public records management | ||
| 300 | _a19p., 22 cm | ||
| 440 | _aGuide series No.2 | ||
| 942 | _cBK | ||
| 999 |
_c19350 _d19350 |
||
| 003 | LK-CoDNM | ||
| 040 |
_aLK-CoDNM _dLK-CoDNM _eLK-CoDNM |
||